| 000 | 00538nam a2200193 a 4500 | ||
|---|---|---|---|
| 001 | 1090 | ||
| 003 | CO-ViMGA | ||
| 008 | 141112s2004 ck r 000 u spa d | ||
| 040 |
_aCO-ViMGA _bspa _cCO-ViMGA |
||
| 082 | 0 | 4 | _a025 M657 |
| 100 | 1 |
_aMontalvo Villegas, Clemencia _949134 |
|
| 245 | 1 | 0 | _aBiblioteca |
| 260 |
_aSantafé de Bogotá : _bCerlalc, _c1993 |
||
| 300 | _a41 p : il | ||
| 490 | _aProfesional del libro y la edición, 4 | ||
| 590 | _aDatos de inventario : 05572 | ||
| 650 | 1 | 4 | _aBIBLIOTECAS - ORGANIZACION |
| 942 |
_2ddc _cBK |
||
| 999 |
_c13314 _d13314 |
||